Trends in language teaching / (Record no. 139336)

MARC details
000 -LEADER
fixed length control field 00750nam a22002177a 4500
005 - DATE AND TIME OF LATEST TRANSACTION
control field 20170427164541.0
010 ## - LCCN (DPL NO)
LC control number ENG-117972
020 ## - INTERNATIONAL STANDARD BOOK NUMBER
International Standard Book Number 9789386296870
Terms of availability 450.00
035 ## - SYSTEM CONTROL NUMBER
System control number EN-101504
037 ## - SOURCE OF ACQUISITION
Source of stock number/acquisition DBAD/PUB
082 ## - DEWEY DECIMAL CLASSIFICATION NUMBER
Classification number 488.0071
245 ## - TITLE STATEMENT
Title Trends in language teaching /
Statement of responsibility, etc edited by Rama Kant Agnihotri,Ajnu Sahgal Gupta [and] A.L.khanna
Remainder of title India's experience with caste,gender and poverty /
260 ## - PUBLICATION, DISTRIBUTION, ETC. (IMPRINT)
Place of publication, distribution, etc Telagana
Name of publisher, distributor, etc Orient Blackswan
Date of publication, distribution, etc 2017
270 ## - ADDRESS
Address 3-6-752,Himayatnagar
City Telagana (Hydrabad)
Postal code 500029
300 ## - PHYSICAL DESCRIPTION
Extent vii,232p.
Dimensions 23cm (pbk)
500 ## - GENERAL NOTE
General note Includes references and index
700 ## - ADDED ENTRY--PERSONAL NAME
Personal name Agnihotri,Rama Kant
700 ## - ADDED ENTRY--PERSONAL NAME
Personal name Gupta,Ajnu Sahgal
700 ## - ADDED ENTRY--PERSONAL NAME
Personal name Khanna,A.L.
942 ## - ADDED ENTRY ELEMENTS (KOHA)
Source of classification or shelving scheme Dewey Decimal Classification
Item type English Books
Classification part 488.0071
Call number suffix TRE
Holdings
Withdrawn status Lost status Not for loan Collection code Home library Current library Date acquired Source of acquisition Cost, normal purchase price Full call number Barcode Copy number Cost, replacement price Koha item type
    Not For Loan Non-fiction D.B.Act.Division Bawana 27/04/2017 DBAD/PUB 450.00 488.0071 TRE EN-101504 1 450.00 English Books

© Delhi Public Library
Hit Counter
free hit counter